| 000 | 00615nam a2200193 a 4500 | ||
|---|---|---|---|
| 005 | 20230512063617.0 | ||
| 008 | 991125s1978 bue 000 0 spa u | ||
| 020 | _a840352031X | ||
| 035 | _aUPN01000008144 | ||
| 049 | _aCG | ||
| 050 | 4 |
_aB2766 A8 _bK3.28 1978 |
|
| 100 | 1 |
_aKant, Immanuel, _d1724-1804 |
|
| 245 | 1 | 0 |
_aCimentación para la metafísica de las costumbres / _cImmanuel Kant ; tr. y pról. de Carlos Martínez Ramírez. |
| 260 |
_aBuenos Aires : _bAguilar, _c1978. |
||
| 300 | _a159 p. | ||
| 440 | 0 |
_aBiblioteca de iniciación filosófica ; _v71 |
|
| 650 | 4 |
_aFilosofía alemana _97273 |
|
| 905 | _aLibro | ||
| 999 |
_c8144 _d8144 |
||